00429nam a22001577a 4500003000500000005001700005038001000022082001600032100002800048245004700076260003700123300001200160500001500172880004200187880004200229NUST20190621051112.0 aFaiza a297.77bSID aSaddique, Safdar Hassan aMazhabi Rawadari /cSafdar Hassan Siddique a :مشعلb ،لاہورc2000. a188p. ; aHard Cover 6100-01\raصفدر حسن صد یقی 6245-02\ra /مذیبی رواداری